Jiṇadatta-carita; (Record no. 75537)
[ view plain ]
| 000 -LEADER | |
|---|---|
| fixed length control field | 00911cam a22002411 4500 |
| 001 - CONTROL NUMBER | |
| control field | sa 67005900 |
| 003 - CONTROL NUMBER IDENTIFIER | |
| control field | DLC |
| 005 - DATE AND TIME OF LATEST TRANSACTION | |
| control field | 20260227112401.0 |
| 008 - FIXED-LENGTH DATA ELEMENTS--GENERAL INFORMATION | |
| fixed length control field | 890801s1966 ii h 000 0 hino |
| 010 ## - LIBRARY OF CONGRESS CONTROL NUMBER | |
| LC control number | sa 67005900 |
| 035 ## - SYSTEM CONTROL NUMBER | |
| System control number | (OCoLC)20109740 |
| 040 ## - CATALOGING SOURCE | |
| Original cataloging agency | DLC |
| Transcribing agency | WaU |
| Modifying agency | NRU |
| -- | DLC |
| 042 ## - AUTHENTICATION CODE | |
| Authentication code | premarc |
| 050 00 - LIBRARY OF CONGRESS CALL NUMBER | |
| Classification number | K2095.R32 |
| Item number | J5 1966 |
| 100 0# - MAIN ENTRY--PERSONAL NAME | |
| Personal name | Rājasiṃha, |
| Dates associated with a name | active 13th century. |
| 245 10 - TITLE STATEMENT | |
| Title | Jiṇadatta-carita; |
| Remainder of title | ādikālika Hindī kāvya. |
| Statement of responsibility, etc. | Racayitā Rājasiṃha. Sampādaka Mātāprasāda Gupta [tathā] Kastūracanda Kāslīvāla. |
| 260 ## - PUBLICATION, DISTRIBUTION, ETC. | |
| Place of publication, distribution, etc. | Jayapura, |
| Name of publisher, distributor, etc. | Gaindīlāla Sāha, Mantrī, Prabandha Kāriṇī Kameṭī, Di. Jaina A. Kshetra Śrīmahāvīra Jī |
| Date of publication, distribution, etc. | [1966] |
| 300 ## - PHYSICAL DESCRIPTION | |
| Extent | 2, 39, 239 p. |
| Other physical details | fascim. |
| Dimensions | 22 cm. |
| 440 #0 - SERIES STATEMENT/ADDED ENTRY--TITLE | |
| Title | Śrīmahāvīra granthamālā ; |
| Volume/sequential designation | pushpa 11 |
| 500 ## - GENERAL NOTE | |
| General note | In Hindi. |
| 700 1# - ADDED ENTRY--PERSONAL NAME | |
| Personal name | Gupta, Mātāprasāda, |
| Dates associated with a name | 1909-1969. |
| 700 1# - ADDED ENTRY--PERSONAL NAME | |
| Personal name | Kasliwal, Kastoor Chand, |
| Dates associated with a name | 1920- |
No items available.